[Event "IECG QA.2002.0.00021"]
[Site "IECG email"]
[Date "2002.06.14"]
[Round "1"]
[White "Massimini Gerbino, Massimiliano"]
[Black "Szikora, Andras"]
[Result "1-0"]
[WhiteElo "2055"]
[BlackElo "2120"]
[PlyCount "61"]
[EventDate "2002.06.14"]
[EventType "tourn (corr)"]
[EventRounds "6"]
[SourceTitle "Corr 2024"]
[Source "ChessBase"]
[SourceDate "2023.10.19"]
[SourceVersion "1"]
[SourceVersionDate "2023.10.19"]
[SourceQuality "1"]

1. d4 Nf6 2. g3 c5 3. d5 g6 4. Bg2 d6 5. c4 Bg7 6. Nc3 0-0 7. Nf3 e6 8. 0-0 exd5 9. cxd5 a6 10. a4 Re8 11. Nd2 Nbd7 12. h3 Rb8 13. Nc4 Nb6 14. Na3 Bd7 15. a5 Nc8 16. Nc4 Bb5 17. Qb3 Bxc4 18. Qxc4 Nd7 19. Bf4 Ne5 20. Qa2 f5 21. Qa4 Rf8 22. Qc2 Na7 23. Rfd1 Nb5 24. Nxb5 axb5 25. b4 Nc4 26. bxc5 Bxa1 27. Rxa1 Ra8 28. Qb1 Rxa5 29. Rxa5 Qxa5 30. cxd6 Rd8 31. e4 1-0

[Event "IECG QA.2002.0.00020"]
[Site "IECG email"]
[Date "2002.06.11"]
[Round "2"]
[White "Alvebring, Martin"]
[Black "Szikora, Andras"]
[Result "1-0"]
[WhiteElo "2185"]
[BlackElo "2120"]
[PlyCount "31"]
[EventDate "2002.06.11"]
[EventType "tourn (corr)"]
[EventRounds "6"]
[SourceTitle "Corr 2024"]
[Source "ChessBase"]
[SourceDate "2023.10.19"]
[SourceVersion "1"]
[SourceVersionDate "2023.10.19"]
[SourceQuality "1"]

1. e4 d5 2. exd5 Qxd5 3. Nc3 Qa5 4. d4 c6 5. Bc4 Bf5 6. Nf3 Nd7 7. Bd2 e6 8. Qe2 Ngf6 9. d5 cxd5 10. Nxd5 Qd8 11. Nxf6+ Qxf6 12. 0-0-0 Qe7 13. Bg5 f6 14. Nd4 Ne5 15. Nxf5 exf5 16. Rhe1 1-0